000 00812nam a2200289 a 4500
001 33082
003 AR-BaAGN
005 20231116145338.0
007 ta
008 220625s1972 ag |||||r|||| ||||||spa d
040 _dAR-BaAGN
_aAR-BaAGN
_bspa
_eaacr
100 1 _aHalperín Donghi, Tulio,
_95313
_d1926-2014
245 1 0 _aRevolución y guerra :
_bformación de una élite dirigente en la Argentina criolla
250 _a1ª ed.
260 _aBuenos Aires :
_bSiglo veintiuno Argentina,
_c1972.
300 _a419 páginas
336 _2rdacontent
_btxt
337 _2rdamedia
_bn
338 _2rdacarrier
_bnc
650 4 _aGUERRAS
_91520
650 4 _aREVOLUCIONES
_9182
650 4 _aPOLÍTICA
_92164
651 4 _aArgentina
_93645
942 _cLIBRO
_kAGN
_n0
999 _c33082
_d33082